Casos y fallos de derecho penal /

Guardado en:
Bibliografiske detaljer
Hovedforfatter: Donna, Edgardo Alberto (autor)
Format: Bog
Sprog:spansk
Udgivet: Buenos Aires, Argentina : Rubinzal-Culzoni, 2000, c2000
Serier:(Autores de Derecho Penal)
Fag:
Tags: Tilføj Tag
Ingen Tags, Vær først til at tagge denne postø!

MARC

LEADER 00000nam^a2200000^a^4500
001 000157234
005 20250521000000.0
009 20260310100532.029
020 |a 950-727-252-6 
037 |a Acervo ITESO - Biblioteca 
041 |a ESP 
082 |a 345. 82  |b DON 
100 |a Donna, Edgardo Alberto  |e (autor) 
245 1 0 |a Casos y fallos de derecho penal /  |c E.A. Donna ; colaboración de Javier de la Fuente... [et al.]. 
264 4 |a Buenos Aires, Argentina :  |b Rubinzal-Culzoni,  |c 2000, c2000 
300 |a 475 p. 
336 |a texto  |b txt  |2 rdacontenido 
337 |a sin mediación  |b n  |2 rdamedio 
338 |a volumen  |b nc  |2 rdasoporte 
440 1 |a (Autores de Derecho Penal) 
649 |a XX 
650 |a Derecho Penal -  |z Argentina -  |x Estudios de Caso 
910 |a Fondo General 
920 |a Impresos - Libros 
930 |a Colección General 
905 |a 101 
901 |a 0500085414  |b IT1  |c ACC  |u 20250521 
902 |a https://opac.biblio.iteso.mx/vufind/Record/000157234